The Olympics and the Thames Gateway are bringing radical change to East London (Record no. 79640)
[ view plain ]
| 000 -LEADER | |
|---|---|
| fixed length control field | 01148cab a22002055a 4500 |
| 001 - CONTROL NUMBER | |
| control field | L141878 |
| 008 - FIXED-LENGTH DATA ELEMENTS--GENERAL INFORMATION | |
| fixed length control field | 080104e20071213xxkb f 000 0 eng d |
| 035 ## - SYSTEM CONTROL NUMBER | |
| System control number | (Sirsi) u141878 |
| 041 0# - LANGUAGE CODE | |
| Language code of text/sound track or separate title | eng |
| 100 1# - MAIN ENTRY--PERSONAL NAME | |
| Personal name | Kolb, Jaffer |
| 245 04 - TITLE STATEMENT | |
| Title | The Olympics and the Thames Gateway are bringing radical change to East London |
| Remainder of title | the East London Green Grid is using this opportunity to redefine open space, and solves a major planning problem |
| 260 ## - PUBLICATION, DISTRIBUTION, ETC. | |
| Date of publication, distribution, etc. | 2007 |
| 490 ## - SERIES STATEMENT | |
| Series statement | Architects' Journal |
| Volume/sequential designation | 22(226) 13 December 2007, 24-29(6) |
| 520 ## - SUMMARY, ETC. | |
| Summary, etc. | Appraises the East London Green Grid (ELGG), a strategic planning guide to locate parks and open space across East London boroughs. It is a part of the regeneration of the Thames Gateway which has been enabled by the 2012 Olympics. The ELGG plans juxtapose different layers of information in an attempt to plan an interconnected series of six regions. Overviews the ELGG's structure, describing it as a central agency loosely governing a set of autonomous localities. |
| 590 ## - LOCAL NOTE (RLIN) | |
| Local note | KA |
| 650 24 - SUBJECT ADDED ENTRY--TOPICAL TERM | |
| Topical term or geographic name entry element | OLYMPIC GAMES 2012 |
| 651 #4 - SUBJECT ADDED ENTRY--GEOGRAPHIC NAME | |
| Geographic name | London |
| 690 ## - LOCAL SUBJECT ADDED ENTRY--TOPICAL TERM (OCLC, RLIN) | |
| Topical term or geographic name as entry element | PROPERTY-PROPERTY MANAGEMENT-REGENERATION |
| 942 ## - ADDED ENTRY ELEMENTS (KOHA) | |
| Suppress in OPAC | 0 |
| Withdrawn status | Lost status | Source of classification or shelving scheme | Damaged status | Not for loan | Home library | Current library | Shelving location | Date acquired | Total Checkouts | Full call number | Barcode | Date last seen | Copy number | Price effective from | Koha item type |
|---|---|---|---|---|---|---|---|---|---|---|---|---|---|---|---|
| Dewey Decimal Classification | London | London | Journal article | 04/01/2008 | L141878 | 141878-1001 | 06/08/2019 | 1 | 06/08/2019 | Journal article |